| 000 | 00319nam a22001217a 4500 | ||
|---|---|---|---|
| 082 |
_a297.124 _bHAS _cL-31,P-147 |
||
| 100 |
_aIdress, Mulana Muhammad _951039 |
||
| 245 | _aحصن حصین | ||
| 260 |
_akarachi, _bTaj Company, _c2000. |
||
| 300 | _a341p. | ||
| 526 |
_a0 _b0 _c0 _d297_124000000000000_HAS |
||
| 942 |
_2ddc _cBK |
||
| 999 |
_c553780 _d553780 |
||